| 000 | 00394pab a2200133 454500 | ||
|---|---|---|---|
| 008 | 180718b xxu||||| |||| 00| 0 eng d | ||
| 100 | _aChatterjee Monideep | ||
| 245 | _aCalcutta plan: peoples participation needed | ||
| 362 | _a19 Nov 93, p.8 | ||
| 650 | _a People's Participation -- India -- Calcutta | ||
| 650 | _aCitites and Towns -- India -- Calcutta | ||
| 773 | _aStatesman | ||
| 909 | _a25749 | ||
| 999 |
_c25749 _d25749 |
||